Thế giới biểu tượng trong di sản văn hóa Thăng Long - Hà Nội
Nội dung cuốn sách giới thiệu những biểu tượng văn hóa của Thăng Long - Hà Nội để đi tìm cốt cách người xưa và cũng là chúng ta hôm nay.
保存先:
| 第一著者: | |
|---|---|
| フォーマット: | 図書 |
| 言語: | Undetermined |
| 出版事項: |
Hà Nội
Nhà xuất bản Hà Nội
2010
|
| 主題: | |
| タグ: |
タグ追加
タグなし, このレコードへの初めてのタグを付けませんか!
|
| Thư viện lưu trữ: | Trung tâm Học liệu Trường Đại học Cần Thơ |
|---|
| LEADER | 00975nam a2200217Ia 4500 | ||
|---|---|---|---|
| 001 | CTU_165320 | ||
| 008 | 210402s9999 xx 000 0 und d | ||
| 082 | |a 704.90959731 | ||
| 082 | |b B305 | ||
| 100 | |a Trần, Lâm Biền | ||
| 245 | 0 | |a Thế giới biểu tượng trong di sản văn hóa Thăng Long - Hà Nội | |
| 245 | 0 | |c Trần Lâm Biền, Trịnh Sinh | |
| 260 | |a Hà Nội | ||
| 260 | |b Nhà xuất bản Hà Nội | ||
| 260 | |c 2010 | ||
| 520 | |a Nội dung cuốn sách giới thiệu những biểu tượng văn hóa của Thăng Long - Hà Nội để đi tìm cốt cách người xưa và cũng là chúng ta hôm nay. | ||
| 650 | |a Studies in the fine arts. Iconography,Biểu tượng học | ||
| 650 | |x Các nghiên cứu về nghệ thuật | ||
| 650 | |z Vietnam,Việt Nam | ||
| 904 | |i Qhieu | ||
| 980 | |a Trung tâm Học liệu Trường Đại học Cần Thơ | ||